000 00847nam a2200289Ia 4500
001 15191
003 IT-RoPAU
008 130308s9999 xx 000 0 und d
040 _aIT-RoPAU
040 _cIT-RoPAU
041 _aITALIANO
100 _aConsole Vanna
100 _gCodice Aut. SPICS: 7852
245 _aLavori preparatori dell'assemblea Costituente in tema di stampa periodica (I)
245 _bStampa Quotidiana tra Crisi e riforma (La)-Problemi giuridici e Organizzativi
250 _a1a ed.
260 _aBOLOGNA
260 _bIl Mulino
260 _c1976 [1° Ed.:1976 - Ed.Ling.Originale:1975]
300 _a"19 p. (prefazione: no ; testo: 19 [pagine: 31-49])"
650 _aDIRITTO NELLA STAMPA DI MASSA
650 _eCodice materia Spics: 4609
942 _cBK
957 _71
999 _c46756
_d46756
999 _bSI
999 _g1